000 00744nam a22002897a 4500
001 BR9103975
003 BR-BrBNA
005 20230928093628.0
007 ta
008 230509b bl.||||| |||| 00| 0 por d
040 _aBR-BrBNA
_bpor
_cBiblioteca Nacional de Agricultura
041 _a(Por)
072 _aF01; F70
090 _ F01 BR9103975
100 1 _aPinho, R.A. de
100 1 _aBasseto, E.
100 1 _aGorgatt, L.
110 1 _aInstituto de Botanica, Sao Paulo, SP (Brasil)
245 1 _aPlantas carnivoras
260 3 _aSao Paulo, SP (Brasil):
_c1979.
300 _a16 p.
650 _aPLANTA CARNIVORA
650 _aPLANTIO
650 _aTAXONOMIA VEGETAL
909 _a202309
_bLucia
_c55
_dLucia Elande
942 _cBK
999 _c46112
_d46112